Sports Quiz

Random Sports or MLB Quiz

MLB Yearly Top Five Times-On-Base (1990 to 2011) Quiz Stats

 Plays Quiz not verified by Sporcle

Score 0/110 Timer 10:00
0 Plays Today
Year Player % Correct
1992Barry Bonds
98.7%
1993Barry Bonds
98.7%
1995Barry Bonds
98.7%
1996Barry Bonds
98.7%
1997Barry Bonds
98.7%
1998Barry Bonds
98.7%
2001Barry Bonds
98.7%
2002Barry Bonds
98.7%
2003Barry Bonds
98.7%
2004Barry Bonds
98.7%
2003Albert Pujols
97.9%
2005Albert Pujols
97.9%
2008Albert Pujols
97.9%
2009Albert Pujols
97.9%
2010Albert Pujols
97.9%
1999Derek Jeter
97.1%
2005Derek Jeter
97.1%
2006Derek Jeter
97.1%
2009Derek Jeter
97.1%
2009Prince Fielder
96.7%
2010Prince Fielder
96.7%
2011Prince Fielder
96.7%
2005Alex Rodriguez
96.5%
2007Alex Rodriguez
96.5%
2000Todd Helton
95.7%
2001Todd Helton
95.7%
2003Todd Helton
95.7%
2004Todd Helton
95.7%
2007Todd Helton
95.7%
2009Adrian Gonzalez
95.5%
2011Adrian Gonzalez
95.5%
2006Miguel Cabrera
95.5%
2010Miguel Cabrera
95.5%
2011Miguel Cabrera
95.5%
2001Luiz Gonzalez
95.4%
1992Paul Molitor / Craig Biggio / Chuck Knoblauch
95.1%
2000Darin Erstad / Jeff Bagwell
95.1%
Year Player % Correct
1994Jeff Bagwell
95%
1996Jeff Bagwell
95%
1997Jeff Bagwell
95%
1999Jeff Bagwell
95%
2003Manny Ramirez
94.4%
2008Manny Ramirez
94.4%
1995Craig Biggio
94.2%
1997Craig Biggio
94.2%
1998Craig Biggio
94.2%
1991Frank Thomas
93.7%
1992Frank Thomas
93.7%
1994Frank Thomas
93.7%
1995Frank Thomas
93.7%
2000Frank Thomas
93.7%
2006Ryan Howard
93.5%
2010Joey Votto
93.1%
2011Joey Votto
93.1%
1999Chipper Jones
91.9%
2007David Wright
91.6%
2008David Wright
91.6%
2000Jason Giambi
90.8%
2001Jason Giambi
90.8%
2002Jason Giambi
90.8%
2004Ichiro Suzuki
90.7%
1995Edgar Martinez
90.3%
1997Edgar Martinez
90.3%
1998Edgar Martinez
90.3%
2002Vladimir Guerrero
90.1%
2011Jose Bautista
89.5%
2007David Ortiz
89.2%
2001Sammy Sosa
89.1%
1997Larry Walker
87.1%
2000Carlos Delgado
85.1%
2003Carlos Delgado
85.1%
1998Mark McGwire
84.4%
2004Lance Berkman
83%
1999Bernie Williams
82.8%
Year Player % Correct
2002Bernie Williams
82.8%
1991Paul Molitor
81.1%
1993Paul Molitor
81.1%
2005Derrek Lee
79.8%
2004Bobby Abreu
75.8%
2005Bobby Abreu
75.8%
2006Bobby Abreu
75.8%
1994Tony Gwynn
74.7%
2008Mark Teixeira
74.2%
1996Gary Sheffield
73.5%
2007Magglio Ordonez
70.5%
1996Mo Vaughn
69.4%
1990Wade Boggs
66.1%
1991Wade Boggs
66.1%
2010Rickie Weeks
63.4%
1996Chuck Knoblauch
62.9%
1992Brady Anderson
62.3%
1990Lenny Dykstra
61.5%
1993Lenny Dykstra
61.5%
2008Nick Markakis
58.2%
1993John Olerud
57.9%
1998John Olerud
57.9%
1999John Olerud
57.9%
1991Rafael Palmeiro
55.4%
1994Kenny Lofton
52.2%
1995Tim Salmon
51.5%
2009Chone Figgins
50.2%
2002Brian Giles
49.6%
1990Eddie Murray
35.3%
1990Fred McGriff
31.4%
2006Garrett Atkins
29.6%
1992Tony Phillips
29.5%
1993Tony Phillips
29.5%
1994Tony Phillips
29.5%
1990Brett Butler
27%
1991Brett Butler
27%

You're not logged in!

Compare scores with friends on all Sporcle quizzes.
OR
Log In

Show Comments

Extras

Top Quizzes Today


Score Distribution

Your Account Isn't Verified!

In order to create a playlist on Sporcle, you need to verify the email address you used during registration. Go to your Sporcle Settings to finish the process.

Report this User

Report this user for behavior that violates our Community Guidelines.

Details: